| 000 | 00714nam a22002177a 4500 | ||
|---|---|---|---|
| 003 | DO-SdBNP | ||
| 005 | 20240226142544.0 | ||
| 007 | ta | ||
| 008 | 210922b 2012 dr 00| 0 eng d | ||
| 020 | _a9789945882216 | ||
| 040 |
_aDO-SdBNP _bspa _cBNPHU |
||
| 082 | 4 |
_aBNPHU PD _bS718e |
|
| 100 | 1 |
_aSoto Jiménez, José Miguel, _d1956- _911668 |
|
| 245 | 1 | 0 |
_aEnsayos : _bpolíticos, históricos y literarios / _cJosé Miguel Soto Jiménez ; prólogo Juan Carlos Mieses |
| 260 |
_aSanto Domingo : _bEditorial Valdez, _c2012. |
||
| 300 |
_a300 p. ; _c23 cm. |
||
| 500 | _aIncluye datos biográficos del autor en la contracubierta | ||
| 700 | 1 |
_aMieses, Carlos, _epról. _98474 |
|
| 910 | _aBtavárez | ||
| 942 |
_2ddc _cLBS1 |
||
| 999 |
_c50635 _d50635 |
||